<?xml version="1.0" encoding="UTF-8"?>
<record
    xmlns:xsi="http://www.w3.org/2001/XMLSchema-instance"
    xsi:schemaLocation="http://www.loc.gov/MARC21/slim http://www.loc.gov/standards/marcxml/schema/MARC21slim.xsd"
    xmlns="http://www.loc.gov/MARC21/slim">

  <leader>02198nam0a2200337   4500</leader>
  <controlfield tag="001">RU\NLR\bibl\840507</controlfield>
  <controlfield tag="005">20260407120411.0</controlfield>
  <datafield tag="021" ind1=" " ind2=" ">
    <subfield code="a">RU</subfield>
    <subfield code="b">2005-50324</subfield>
    <subfield code="9">2451</subfield>
  </datafield>
  <datafield tag="035" ind1=" " ind2=" ">
    <subfield code="a">(NLR Aleph) 000829333</subfield>
  </datafield>
  <datafield tag="090" ind1=" " ind2=" ">
    <subfield code="a">1350728</subfield>
    <subfield code="c">1350728</subfield>
  </datafield>
  <datafield tag="100" ind1=" " ind2=" ">
    <subfield code="a">20050914d2005    |||y0rusy50      ca</subfield>
  </datafield>
  <datafield tag="101" ind1="0" ind2=" ">
    <subfield code="a">rus</subfield>
  </datafield>
  <datafield tag="102" ind1=" " ind2=" ">
    <subfield code="a">RU</subfield>
  </datafield>
  <datafield tag="105" ind1=" " ind2=" ">
    <subfield code="a">a   |||||||||</subfield>
  </datafield>
  <datafield tag="200" ind1="1" ind2=" ">
    <subfield code="a">&#x41C;&#x430;&#x433;&#x438; &#x431;&#x435;&#x43B;&#x44B;&#x435;, &#x441;&#x435;&#x440;&#x44B;&#x435;, &#x447;&#x435;&#x440;&#x43D;&#x44B;&#x435;: &#x43A;&#x442;&#x43E; &#x43E;&#x43D;&#x438;?</subfield>
    <subfield code="e">&#x441;&#x431;&#x43E;&#x440;&#x43D;&#x438;&#x43A; &#x43F;&#x443;&#x431;&#x43B;&#x438;&#x43A;&#x430;&#x446;&#x438;&#x439; &#x430;&#x432;&#x442;&#x43E;&#x440;&#x430; &#x432; &#x434;&#x43E;&#x43A;&#x43B;&#x430;&#x434;&#x430;&#x445; VII &#x438; VIII &#x41C;&#x435;&#x436;&#x434;&#x443;&#x43D;&#x430;&#x440;&#x43E;&#x434;&#x43D;&#x44B;&#x445; &#x43A;&#x43E;&#x43D;&#x433;&#x440;&#x435;&#x441;&#x441;&#x43E;&#x432; "&#x411;&#x42D;&#x418;&#x422;-2004" &#x438; "&#x411;&#x42D;&#x418;&#x422;-2005"</subfield>
    <subfield code="e">(&#x438;&#x43D;&#x444;&#x43E;&#x440;&#x43C;&#x430;&#x446;&#x438;&#x43E;&#x43D;&#x43D;&#x43E;-&#x441;&#x43F;&#x440;&#x430;&#x432;&#x43E;&#x447;&#x43D;&#x43E;&#x435; &#x43F;&#x43E;&#x441;&#x43E;&#x431;&#x438;&#x435;)</subfield>
    <subfield code="f">&#x41F;.&#x418;. &#x413;&#x43E;&#x441;&#x44C;&#x43A;&#x43E;&#x432;</subfield>
    <subfield code="g">&#x41C;-&#x432;&#x43E; &#x43E;&#x431;&#x440;&#x430;&#x437;&#x43E;&#x432;&#x430;&#x43D;&#x438;&#x44F; &#x438; &#x43D;&#x430;&#x443;&#x43A;&#x438; &#x420;&#x43E;&#x441;. &#x424;&#x435;&#x434;&#x435;&#x440;&#x430;&#x446;&#x438;&#x438;, &#x410;&#x43B;&#x442;&#x430;&#x439;. &#x433;&#x43E;&#x441;. &#x442;&#x435;&#x445;&#x43D;. &#x443;&#x43D;-&#x442; &#x438;&#x43C;. &#x418;.&#x418;. &#x41F;&#x43E;&#x43B;&#x437;&#x443;&#x43D;&#x43E;&#x432;&#x430;, &#x41C;&#x435;&#x436;&#x434;&#x443;&#x43D;&#x430;&#x440;. &#x432;&#x44B;&#x441;&#x448;. &#x448;&#x43A;. &#x414;&#x41A;&#x41A;&#x42D;&#x426;</subfield>
  </datafield>
  <datafield tag="210" ind1=" " ind2=" ">
    <subfield code="a">&#x41C;&#x43E;&#x441;&#x43A;&#x432;&#x430;</subfield>
    <subfield code="a">&#x411;&#x430;&#x440;&#x43D;&#x430;&#x443;&#x43B;</subfield>
    <subfield code="c">&#x410;&#x43B;&#x442;&#x413;&#x422;&#x423;</subfield>
    <subfield code="d">2005</subfield>
  </datafield>
  <datafield tag="215" ind1=" " ind2=" ">
    <subfield code="a">85 &#x441;.</subfield>
    <subfield code="c">&#x438;&#x43B;.</subfield>
    <subfield code="d">21</subfield>
  </datafield>
  <datafield tag="300" ind1=" " ind2=" ">
    <subfield code="a">&#x41D;&#x430; 2-&#x439; &#x441;. &#x43E;&#x431;&#x43B;. &#x430;&#x432;&#x442;.- &#x434;.&#x44D;&#x43D;&#x435;&#x440;&#x433;&#x43E;-&#x438;&#x43D;&#x444;&#x43E;&#x440;&#x43C;.&#x43D;., &#x434;.&#x442;.&#x43D;., &#x43F;&#x440;&#x43E;&#x444;., &#x430;&#x43A;&#x430;&#x434;. &#x420;&#x43E;&#x441;. &#x438; &#x41C;&#x435;&#x436;&#x434;&#x443;&#x43D;&#x430;&#x440;. &#x430;&#x43A;&#x430;&#x434;.</subfield>
  </datafield>
  <datafield tag="320" ind1=" " ind2=" ">
    <subfield code="a">&#x411;&#x438;&#x431;&#x43B;&#x438;&#x43E;&#x433;&#x440;.: &#x441;. 84-85 (8 &#x43D;&#x430;&#x437;&#x432;.)</subfield>
  </datafield>
  <datafield tag="606" ind1="1" ind2=" ">
    <subfield code="a">&#x41C;&#x430;&#x433;&#x438;&#x44F;</subfield>
    <subfield code="9">1615580</subfield>
    <subfield code="3">RU\NLR\auth\66712354</subfield>
  </datafield>
  <datafield tag="606" ind1="1" ind2=" ">
    <subfield code="a">&#x41F;&#x441;&#x438;&#x445;&#x43E;&#x44D;&#x43D;&#x435;&#x440;&#x433;&#x435;&#x442;&#x438;&#x43A;&#x430;</subfield>
    <subfield code="9">2099156</subfield>
    <subfield code="3">RU\NLR\auth\661269768</subfield>
  </datafield>
  <datafield tag="686" ind1=" " ind2=" ">
    <subfield code="a">&#x42D;240.03</subfield>
  </datafield>
  <datafield tag="686" ind1=" " ind2=" ">
    <subfield code="a">&#x42E;96</subfield>
  </datafield>
  <datafield tag="700" ind1=" " ind2="1">
    <subfield code="a">&#x413;&#x43E;&#x441;&#x44C;&#x43A;&#x43E;&#x432;</subfield>
    <subfield code="b">&#x41F;. &#x418;.</subfield>
    <subfield code="g">&#x41F;&#x430;&#x432;&#x435;&#x43B; &#x418;&#x43D;&#x43D;&#x43E;&#x43A;&#x435;&#x43D;&#x442;&#x44C;&#x435;&#x432;&#x438;&#x447;</subfield>
    <subfield code="4">070</subfield>
  </datafield>
  <datafield tag="711" ind1="1" ind2="2">
    <subfield code="4">070</subfield>
    <subfield code="a">"&#x41D;&#x435;&#x43A;&#x43E;&#x43C;&#x43F;&#x44C;&#x44E;&#x442;&#x435;&#x440;&#x43D;&#x44B;&#x435; &#x438;&#x43D;&#x444;&#x43E;&#x440;&#x43C;&#x430;&#x446;&#x438;&#x43E;&#x43D;&#x43D;&#x44B;&#x435; &#x442;&#x435;&#x445;&#x43D;&#x43E;&#x43B;&#x43E;&#x433;&#x438;&#x438; (&#x431;&#x438;&#x43E;&#x438;&#x43D;&#x444;&#x43E;&#x440;&#x43C;&#x430;&#x446;&#x438;&#x43E;&#x43D;&#x43D;&#x44B;&#x435;, &#x44D;&#x43D;&#x435;&#x440;&#x433;&#x43E;&#x438;&#x43D;&#x444;&#x43E;&#x440;&#x43C;&#x430;&#x446;&#x438;&#x43E;&#x43D;&#x43D;&#x44B;&#x435; &#x438; &#x434;&#x440;.)", &#x43C;&#x435;&#x436;&#x434;&#x443;&#x43D;&#x430;&#x440;&#x43E;&#x434;&#x43D;&#x44B;&#x439; &#x43D;&#x430;&#x443;&#x447;&#x43D;&#x44B;&#x439; &#x43A;&#x43E;&#x43D;&#x433;&#x440;&#x435;&#x441;&#x441;</subfield>
    <subfield code="d">7</subfield>
    <subfield code="f">2004</subfield>
    <subfield code="e">&#x411;&#x430;&#x440;&#x43D;&#x430;&#x443;&#x43B;</subfield>
    <subfield code="3">RU\NLR\AUTH\8810056811</subfield>
    <subfield code="9">614499</subfield>
  </datafield>
  <datafield tag="711" ind1="1" ind2="2">
    <subfield code="4">070</subfield>
    <subfield code="a">"&#x411;&#x438;&#x43E;&#x438;&#x43D;&#x444;&#x43E;&#x440;&#x43C;&#x430;&#x446;&#x438;&#x43E;&#x43D;&#x43D;&#x44B;&#x435; &#x438; &#x44D;&#x43D;&#x435;&#x440;&#x433;&#x43E;&#x438;&#x43D;&#x444;&#x43E;&#x440;&#x43C;&#x430;&#x446;&#x438;&#x43E;&#x43D;&#x43D;&#x44B;&#x435; &#x442;&#x435;&#x445;&#x43D;&#x43E;&#x43B;&#x43E;&#x433;&#x438;&#x438; &#x432; &#x43F;&#x440;&#x43E;&#x438;&#x437;&#x432;&#x43E;&#x434;&#x441;&#x442;&#x432;&#x435;&#x43D;&#x43D;&#x43E;&#x439;, &#x432; &#x441;&#x43E;&#x446;&#x438;&#x430;&#x43B;&#x44C;&#x43D;&#x43E;&#x439; &#x438; &#x432; &#x434;&#x443;&#x445;&#x43E;&#x432;&#x43D;&#x43E;&#x439; &#x441;&#x444;&#x435;&#x440;&#x430;&#x445;", &#x43C;&#x435;&#x436;&#x434;&#x443;&#x43D;&#x430;&#x440;&#x43E;&#x434;&#x43D;&#x44B;&#x439; &#x43D;&#x430;&#x443;&#x447;&#x43D;&#x44B;&#x439; &#x43A;&#x43E;&#x43D;&#x433;&#x440;&#x435;&#x441;&#x441;</subfield>
    <subfield code="d">8</subfield>
    <subfield code="f">2005</subfield>
    <subfield code="e">&#x411;&#x430;&#x440;&#x43D;&#x430;&#x443;&#x43B;</subfield>
    <subfield code="3">RU\NLR\AUTH\8810068878</subfield>
    <subfield code="9">639374</subfield>
  </datafield>
  <datafield tag="801" ind1=" " ind2="0">
    <subfield code="a">RU</subfield>
    <subfield code="b">NLR</subfield>
    <subfield code="c">20050914</subfield>
    <subfield code="g">rcr</subfield>
  </datafield>
  <datafield tag="801" ind1=" " ind2="1">
    <subfield code="a">RU</subfield>
    <subfield code="b">NLR</subfield>
    <subfield code="c">20050914</subfield>
  </datafield>
  <datafield tag="942" ind1=" " ind2=" ">
    <subfield code="c">BOOK</subfield>
  </datafield>
  <datafield tag="980" ind1=" " ind2=" ">
    <subfield code="a">NB</subfield>
  </datafield>
  <datafield tag="995" ind1=" " ind2=" ">
    <subfield code="5">2005-09-14</subfield>
    <subfield code="a">ad</subfield>
    <subfield code="b">NLR01</subfield>
    <subfield code="c">NLR01</subfield>
    <subfield code="e">RF3</subfield>
    <subfield code="f">992583</subfield>
    <subfield code="k">2005-4/30124</subfield>
    <subfield code="o">0</subfield>
    <subfield code="r">BOOK</subfield>
    <subfield code="s">2005430124_</subfield>
  </datafield>
  <datafield tag="995" ind1=" " ind2=" ">
    <subfield code="5">2005-09-14</subfield>
    <subfield code="a">ad</subfield>
    <subfield code="b">NLR01</subfield>
    <subfield code="c">NLR01</subfield>
    <subfield code="e">RF3</subfield>
    <subfield code="f">992584</subfield>
    <subfield code="k">2005-4/30124</subfield>
    <subfield code="o">0</subfield>
    <subfield code="r">BOOK</subfield>
    <subfield code="s">2005430124_</subfield>
  </datafield>
</record>
